[Event "34th Leon Blitz Open 2021"]
[Site "chess.com INT"]
[Date "2021.07.07"]
[Round "3"]
[White "Holt, Conrad"]
[Black "Sarana, Alexey"]
[Result "0-1"]
[WhiteTitle "GM"]
[BlackTitle "GM"]
[WhiteElo "2549"]
[BlackElo "2640"]
[WhiteFideId "2034387"]
[BlackFideId "24133795"]
[EventDate "2021.07.07"]

1. d4 Nf6 2. c4 e6 3. Nc3 Bb4 4. Qc2 O-O 5. e4 d5 6. e5 Ne4 7. Bd3 c5 8. Nf3
cxd4 9. Nxd4 Nd7 10. Bf4 Ndc5 11. O-O Bxc3 12. bxc3 Nxd3 13. Qxd3 b6 14. cxd5
Qxd5 15. Rad1 Nc5 16. Qg3 Qe4 17. Nc6 Qxc6 18. Bh6 g6 19. Bxf8 Kxf8 20. Rd8+ Kg7
21. Qh4 Nd7 22. f3 Bb7 23. Rxa8 Bxa8 24. Qd4 Qd5 25. Re1 h5 26. a3 a5 27. Qe3
Qc5 28. Qd4 Bd5 29. Qxc5 Nxc5 30. Rb1 Na4 31. Kf2 Bc4 32. Ke3 Nxc3 33. Rc1 Nd5+
34. Kd4 b5 35. a4 Be2 36. axb5 Bxb5 37. Rc5 Bf1 38. g3 a4 39. Ra5 Be2 40. Rxa4
Bxf3 41. Kc5 Nc3 42. Rc4 Ne4+ 43. Kd4 Ng5 44. Ke3 Bd5 45. Rf4 Nh7 46. Rf1 g5 47.
h4 gxh4 48. gxh4 Nf8 49. Rg1+ Ng6 50. Kd4 Kh6 51. Rf1 Nxh4 52. Rxf7 Kg5 53. Ke3
Nf5+ 54. Kf2 h4 55. Ra7 Kf4 56. Ra4+ Kxe5 57. Rg4 Kf6 58. Ra4 e5 59. Kg1 e4 60.
Ra5 Ke5 61. Ra3 e3 62. Ra7 h3 63. Kh2 e2 64. Ra1 Bg2 65. Kg1 Nd4 66. Kf2 Ke4 67.
Re1 Kd3 68. Ra1 Nc2 69. Rc1 e1=Q+ 70. Rxe1 Nxe1 71. Kxe1 h2 72. Kf2 h1=Q 73. Kg3
Qh3+ 0-1

[Event "34th Leon Blitz Open 2021"]
[Site "chess.com INT"]
[Date "2021.07.07"]
[Round "3"]
[White "Guseinov, Gadir"]
[Black "Dhulipalla, Bala Chandra Prasad"]
[Result "1-0"]
[WhiteTitle "GM"]
[BlackTitle "IM"]
[WhiteElo "2665"]
[BlackElo "2425"]
[WhiteFideId "13401378"]
[BlackFideId "25005812"]
[EventDate "2021.07.07"]

1. e4 Nc6 2. Nc3 e6 3. d4 Bb4 4. Ne2 d5 5. a3 Ba5 6. exd5 exd5 7. Nf4 Nge7 8.
Be3 O-O 9. Be2 Re8 10. O-O Bxc3 11. bxc3 Na5 12. a4 c6 13. Re1 Nf5 14. Bc1 Nd6
15. Bd3 Bf5 16. Ba3 Bg6 17. Rxe8+ Nxe8 18. Qe2 Nd6 19. Re1 Nac4 20. Bxd6 Nxd6
21. g3 Qd7 22. Qe7 Qxe7 23. Rxe7 Rd8 24. h4 Kf8 25. Rc7 Ke8 26. h5 Bxd3 27. Nxd3
Rd7 28. Rxd7 Kxd7 29. f3 b6 30. Kf2 Nc4 31. g4 Na3 32. Ne5+ Ke6 33. Nxc6 Nb1 34.
Nxa7 Nxc3 35. Ke3 Nxa4 36. Nb5 Nb2 37. Nc7+ Kd6 38. Ne8+ Ke7 39. Nxg7 Nc4+ 40.
Kf4 Na3 41. Nf5+ Ke6 42. Ne3 Nb5 43. c4 dxc4 44. d5+ Kd6 45. Nxc4+ Kxd5 46.
Nxb6+ Ke6 47. Na4 h6 48. g5 hxg5+ 49. Kxg5 Nd4 50. Nc5+ Ke7 51. f4 Nf3+ 52. Kh6
Kf8 53. Nd7+ Ke7 54. Kg7 Nd4 55. Ne5 Ne6+ 56. Kg8 f6 57. Ng6+ Kd6 58. h6 1-0

[Event "34th Leon Blitz Open 2021"]
[Site "chess.com INT"]
[Date "2021.07.07"]
[Round "3"]
[White "Szente Varga, Fruzsina"]
[Black "Nefedov, Sergey"]
[Result "1/2-1/2"]
[WhiteTitle "WFM"]
[BlackTitle "FM"]
[WhiteElo "2100"]
[BlackElo "2313"]
[WhiteFideId "712264"]
[BlackFideId "24113417"]
[EventDate "2021.07.07"]

1. e4 d5 2. exd5 Qxd5 3. Nc3 Qd8 4. d4 Nf6 5. Bc4 c6 6. Be3 Bf5 7. Qd2 e6 8.
O-O-O b5 9. Bd3 Bg6 10. Bxg6 hxg6 11. f4 Nbd7 12. Nf3 Bb4 13. Qd3 Qa5 14. Kb1
Bxc3 15. bxc3 Nb6 16. Bc1 Nfd5 17. Bd2 Na4 18. Rde1 Naxc3+ 19. Bxc3 Nxc3+ 20.
Kb2 b4 21. Kc1 Nxa2+ 22. Kd1 Nc3+ 23. Kd2 O-O 24. Ra1 Qb6 25. h4 c5 26. h5 gxh5
27. Rxh5 g6 28. Rh6 Kg7 29. Rah1 Rh8 30. Rxh8 Rxh8 31. Rxh8 Kxh8 32. Ng5 Kg7 33.
Qh3 Kf6 34. Qh8+ Ke7 35. Qg7 Kd6 36. Qxf7 Kd5 37. dxc5 Kxc5 38. Nxe6+ Kb5 39.
Qd7+ Ka5 40. Nd4 Ne4+ 41. Ke3 Nc5 42. Qd5 Ka6 43. Qc4+ Kb7 44. g4 a5 45. f5 gxf5
46. gxf5 Nd7 47. Qd5+ Kc8 48. Qc6+ Qxc6 49. Nxc6 a4 50. Nxb4 Kc7 51. Kf4 Kd6 52.
Kg5 Ke5 53. c4 a3 54. Na2 Kd4 55. f6 Kxc4 56. f7 Kb3 57. Nc1+ Kb2 58. Nd3+ Kc2
59. Nb4+ Kb3 60. Nd3 Kc3 61. Nc1 Nf8 62. Kf6 Kb2 63. Nd3+ Kc2 64. Nb4+ Kb3 65.
Nd3 a2 66. Nc1+ Kb2 67. Nxa2 Kxa2 68. Ke7 Nh7 69. f8=Q Nxf8 1/2-1/2

[Event "34th Leon Blitz Open 2021"]
[Site "chess.com INT"]
[Date "2021.07.07"]
[Round "3"]
[White "Dobre, Claudiu-Cristian"]
[Black "Krishnakumar, Sriram"]
[Result "1-0"]
[WhiteTitle "IM"]
[BlackTitle "CM"]
[WhiteElo "2314"]
[BlackElo "2035"]
[WhiteFideId "1211854"]
[BlackFideId "30915856"]
[EventDate "2021.07.07"]

1. c4 e5 2. Nc3 Nf6 3. Nf3 Nc6 4. e3 Bb4 5. Qc2 O-O 6. Nd5 Bc5 7. a3 a5 8. Ng5
g6 9. Nxf6+ Qxf6 10. Ne4 Qe7 11. Nxc5 Qxc5 12. b3 d5 13. Bb2 d4 14. h4 h5 15.
Qe4 Bf5 16. Qd5 Qxd5 17. cxd5 Ne7 18. exd4 e4 19. d3 exd3 20. O-O-O Nxd5 21. g3
Be4 22. Rg1 Rfe8 23. Bxd3 Bxd3 24. Rxd3 Re2 25. Rd2 Rae8 26. Kd1 Rxd2+ 27. Kxd2
c6 28. Rc1 a4 29. b4 Re6 30. Rc5 b5 31. Kd3 Kf8 32. Rc1 Ke7 33. Bc3 Kd7 34. Bd2
f6 35. f3 Re8 36. g4 hxg4 37. fxg4 Rh8 38. Rh1 f5 39. gxf5 gxf5 40. Bg5 Rg8 41.
Rf1 f4 42. Rf3 Rf8 43. Ke4 Re8+ 44. Kf5 Re3 45. Rxe3 fxe3 46. Kg4 Nxb4 47. Bxe3
Nc2 48. Bc1 Nxd4 49. Kg5 Nf3+ 50. Kg4 Ne5+ 51. Kf5 Nf7 52. Kf6 Nd6 53. h5 Ne4+
54. Kg6 Nc5 55. h6 Ne6 56. Kf6 Nf8 57. Kf7 Nh7 58. Kg7 Ke7 59. Kxh7 Kf7 60. Be3
b4 61. axb4 a3 62. Bd4 a2 63. Ba1 Ke6 64. Kg6 Kd5 65. h7 Kc4 66. h8=Q Kb3 67.
Qc3+ Ka4 68. Qxc6+ Kb3 69. Qc3+ Ka4 70. Qb2 Kb5 71. Qb3 Kb6 72. Qc4 Kb7 73. Qe6
Ka7 74. b5 Kb7 75. Qc6+ Kb8 76. Qd7 Ka8 77. b6 Kb8 78. Qc7+ Ka8 79. Bd4 a1=Q 80.
b7# 1-0

[Event "34th Leon Blitz Open 2021"]
[Site "chess.com INT"]
[Date "2021.07.07"]
[Round "3"]
[White "Smirnov, Alexandr A."]
[Black "Baskin, Robert"]
[Result "0-1"]
[WhiteTitle "FM"]
[BlackTitle "IM"]
[WhiteElo "2136"]
[BlackElo "2390"]
[WhiteFideId "24104396"]
[BlackFideId "24662402"]
[EventDate "2021.07.07"]

1. e4 e5 2. d4 exd4 3. Qxd4 Nc6 4. Qe3 Nf6 5. Nc3 Bb4 6. Bd2 O-O 7. O-O-O Re8 8.
Qg3 Rxe4 9. a3 Bd6 10. f4 Re8 11. Bd3 Bf8 12. Nf3 d5 13. Ng5 Nd4 14. h4 Bg4 15.
Bxh7+ Nxh7 16. Qxg4 Nf6 17. Qh3 c5 18. h5 Qc8 19. g4 Qxg4 20. Nxd5 Qxh3 21.
Nxf6+ gxf6 22. Nxh3 Kh7 23. Rde1 Rad8 24. Rxe8 Rxe8 25. Kd1 Rd8 26. Bc3 Nb5+ 27.
Bd2 c4 28. Nf2 c3 29. bxc3 Bxa3 30. Ne4 Be7 31. Ke2 Nd6 32. Nxd6 Rxd6 33. Be3 a5
34. Rb1 Rd7 35. c4 Bb4 36. f5 Rc7 37. Kd3 Rd7+ 38. Bd4 Bd6 39. Rb5 Be5 40. c3
Kh6 41. Rxa5 Kxh5 42. Ke4 Kg5 43. Bxe5 Re7 44. Rd5 Kg4 45. Kd4 fxe5+ 46. Rxe5
Rd7+ 47. Rd5 Rc7 48. c5 Kf4 49. f6 Rc6 50. Rd6 Rc7 51. Kd5 Kf5 52. c4 Kg5 53. c6
bxc6+ 54. Rxc6 Ra7 55. c5 Ra1 56. Rd6 Rd1+ 57. Kc6 Rc1 58. Kb6 Kf5 59. c6 Ke5
60. Rd7 Kxf6 61. Rd5 Ke6 62. Rc5 Rb1+ 63. Rb5 Rc1 64. c7 Kd6 65. Rf5 Rc6+ 66.
Kb5 Rxc7 67. Rf6+ Ke7 68. Rf2 f6 69. Kb6 Rc1 70. Kb5 Ke6 71. Kb4 f5 72. Kb3 Ke5
73. Kb2 Rc7 74. Re2+ Kf4 75. Re8 Kf3 76. Rf8 f4 77. Rg8 Kf2 78. Rf8 f3 79. Rf7
Rxf7 0-1

[Event "34th Leon Blitz Open 2021"]
[Site "chess.com INT"]
[Date "2021.07.07"]
[Round "3"]
[White "Svane, Rasmus"]
[Black "Rasulov, Vugar"]
[Result "1-0"]
[WhiteTitle "GM"]
[BlackTitle "GM"]
[WhiteElo "2615"]
[BlackElo "2478"]
[WhiteFideId "4657101"]
[BlackFideId "13402390"]
[EventDate "2021.07.07"]

1. Nf3 c5 2. c4 g6 3. d4 cxd4 4. Nxd4 Bg7 5. e4 Nc6 6. Be3 Nf6 7. Nc3 O-O 8. Be2
d6 9. O-O Nxd4 10. Bxd4 Be6 11. f4 Qa5 12. Qd3 Rfc8 13. b3 a6 14. Rac1 Rc6 15.
f5 Bd7 16. Rcd1 b5 17. cxb5 axb5 18. Qxb5 Qc7 19. Qd3 Bc8 20. a4 Ba6 21. Nb5 Qb7
22. Kh1 Rac8 23. e5 dxe5 24. Bxe5 Rc5 25. Bd4 Rc2 26. fxg6 hxg6 27. Qf3 Qb8 28.
Bc4 Bb7 29. Qh3 Bxg2+ 30. Qxg2 Rxg2 31. Kxg2 Ng4 32. Rxf7 Qxh2+ 33. Kf3 Qh3+ 34.
Ke4 Rxc4 35. Rxg7+ Kf8 36. bxc4 e5 37. Rc7 exd4 38. Rxd4 Nf6+ 39. Ke5 Qf5+ 40.
Kd6 Ne8+ 41. Kc6 Qf3+ 42. Kb6 Nxc7 43. Kxc7 g5 44. a5 g4 45. a6 g3 46. a7 g2 47.
Rd8+ Ke7 48. a8=Q Qxa8 49. Rxa8 g1=Q 50. Ra6 Qg3+ 51. Rd6 Qe5 52. Kc6 Qa1 53.
Kb6 Qa8 54. c5 Qb8+ 55. Kc6 Qh8 56. Kc7 Qe5 57. Kb6 Qe3 58. Nd4 Qc1 59. Nc6+ Ke8
60. Na7 Qb2+ 61. Nb5 Qf2 62. Kc6 Ke7 63. Rd7+ Ke6 64. Nd4+ Ke5 65. Rd5+ Ke4 66.
Nb5 Qf6+ 67. Rd6 Qf8 68. Kb7 Qe7+ 69. Kb6 Qf8 70. c6 Qb8+ 71. Kc5 Ke5 72. c7 Qf8
73. Kc6 Qf3+ 74. Kb6 Qe3+ 75. Rd4 Qh3 76. Rd8 Qe3+ 77. Ka6 1-0

[Event "34th Leon Blitz Open 2021"]
[Site "chess.com INT"]
[Date "2021.07.07"]
[Round "3"]
[White "Wiwatanadate, Poompong"]
[Black "Vovk, Orest"]
[Result "0-1"]
[WhiteTitle "FM"]
[BlackTitle "FM"]
[WhiteElo "2043"]
[BlackElo "2315"]
[WhiteFideId "6201083"]
[BlackFideId "14113490"]
[EventDate "2021.07.07"]

1. d4 e5 2. dxe5 Nc6 3. f4 d6 4. exd6 Nf6 5. Nf3 Bxd6 6. e4 Bb4+ 7. c3 Qxd1+ 8.
Kxd1 Bc5 9. Bd3 Ng4 10. Re1 Nf2+ 11. Kc2 Nxd3 12. Kxd3 Bd7 13. Be3 Be7 14. Nbd2
O-O-O 15. Kc2 b6 16. Rad1 f6 17. Nb3 Be6 18. Rxd8+ Rxd8 19. Rd1 Rxd1 20. Kxd1 a5
21. Kc2 f5 22. e5 Bd5 23. Nc1 Be4+ 24. Kd2 Bb1 25. Nd4 Nxd4 26. Bxd4 c5 27. Bf2
Kd7 28. h3 h5 29. a4 Be4 30. g3 g5 31. b3 Ke6 32. Nd3 h4 33. gxh4 g4 34. hxg4
fxg4 35. Bg3 Kf5 36. Nb2 Bd5 37. c4 Be4 38. Nd1 Bf3 39. Nc3 Bf8 40. Ke3 Bh6 41.
Nd5 Bd1 42. Nxb6 Bxb3 43. Nd7 Bxa4 44. Nxc5 Bc6 45. Nb3 Bf3 46. Nxa5 Bf8 47. Nb3
Kg6 48. c5 Bd5 49. Nd4 Bxc5 50. f5+ Kf7 51. e6+ Kf6 52. h5 Kg5 53. h6 Kxh6 54.
Bh4 Kh5 55. e7 Bc6 56. Bf6 g3 57. Ke2 Bd7 58. Kf3 Bd6 59. Ne2 Bc6+ 60. Ke3 Kg4
61. Ng1 Kxf5 62. Bh4 Bc5+ 63. Ke2 g2 64. Bf2 Bxe7 65. Nf3 Bb5+ 66. Ke1 Bb4+ 67.
Kd1 Ba4+ 68. Ke2 Bb5+ 69. Kd1 Kg4 70. Ne1 Kh3 71. Nxg2 Kxg2 72. Be3 Kf3 73. Bd2
Ba4+ 74. Ke1 Bc5 75. Bc3 Be3 76. Bd2 Bf2+ 77. Kf1 Bb5# 0-1

[Event "34th Leon Blitz Open 2021"]
[Site "chess.com INT"]
[Date "2021.07.07"]
[Round "3"]
[White "Lobanov, Sergei"]
[Black "Jimenez Martinez, Jose Vicente"]
[Result "1/2-1/2"]
[WhiteTitle "IM"]
[BlackTitle "FM"]
[WhiteElo "2514"]
[BlackElo "2271"]
[WhiteFideId "24183750"]
[BlackFideId "2264021"]
[EventDate "2021.07.07"]

1. e4 d6 2. d4 g6 3. Nc3 Bg7 4. f4 Nf6 5. Nf3 c5 6. dxc5 Qa5 7. Bb5+ Bd7 8. Bd3
Qxc5 9. Qe2 Nc6 10. Be3 Qa5 11. O-O Ng4 12. Bd2 Nd4 13. Nxd4 Bxd4+ 14. Kh1 Qh5
15. h3 Nf6 16. Qxh5 Nxh5 17. Kh2 Bc6 18. Rae1 O-O 19. Nd5 Rae8 20. g4 Nf6 21. c3
Bxd5 22. cxd4 Bc6 23. d5 Bd7 24. Be3 Rc8 25. Kg3 a6 26. Kf3 Bb5 27. Bxb5 axb5
28. Rc1 Nd7 29. Bd4 f6 30. Ke3 Kf7 31. Kd3 h6 32. a3 g5 33. e5 Nc5+ 34. Bxc5
dxc5 35. Ke4 b6 36. Rc3 Kg7 37. e6 Rfd8 38. h4 gxf4 39. Rxf4 Ra8 40. Rd3 c4 41.
Rd4 Rac8 42. Kf5 Rc5 43. Ke4 Ra8 44. Rf5 c3 45. bxc3 Rxa3 46. d6 exd6 47. Rxd6
Ra4+ 48. Kd3 Rxg4 49. e7 Kf7 50. Rfxf6+ Kxe7 51. Rfe6+ Kf7 52. Rf6+ Kg7 53. Rxb6
Rg3+ 54. Kd4 Rgxc3 55. Rg6+ Kf7 56. Rxh6 R3c4+ 57. Kd3 Kg7 58. Rhg6+ Kh7 59.
Rh6+ Kg7 60. Rhg6+ Kh7 61. Rgd6 Rg4 62. Rd7+ Rg7 63. Rd4 Rf5 64. Ke4 Rc5 65. Kf3
Rf5+ 66. Ke4 Rh5 67. Kf3 Rf5+ 68. Rf4 Rc5 69. Rff6 Rh5 70. Rf4 Rc5 71. Rb4 Rf7+
72. Kg3 Rg7+ 73. Kf3 Rf7+ 74. Ke3 Rff5 75. Rd4 Rce5+ 76. Kd3 Rd5 77. Ke4 Rxd4+
78. Kxd4 Rh5 79. Kc3 Kg7 80. Kb4 Rxh4+ 81. Kxb5 Rh6 82. Rxh6 Kxh6 1/2-1/2

[Event "34th Leon Blitz Open 2021"]
[Site "chess.com INT"]
[Date "2021.07.07"]
[Round "3"]
[White "Sliwicka, Alicja"]
[Black "Zuriel, Marisa"]
[Result "1/2-1/2"]
[WhiteTitle "WIM"]
[BlackTitle "WIM"]
[WhiteElo "2308"]
[BlackElo "2203"]
[WhiteFideId "1150677"]
[BlackFideId "109142"]
[EventDate "2021.07.07"]

1. e4 c5 2. Nf3 d6 3. d4 cxd4 4. Nxd4 Nf6 5. Nc3 a6 6. Nb3 e6 7. g4 Be7 8. g5
Nfd7 9. h4 b5 10. Bg2 Bb7 11. f4 Qc7 12. Be3 Nc6 13. Qe2 Nb6 14. O-O-O Nc4 15.
Kb1 Nxe3 16. Qxe3 O-O-O 17. Rhe1 Kb8 18. Nd5 exd5 19. exd5 Nb4 20. Qxe7 Qxc2+
21. Ka1 Rhe8 22. Qxe8 Rxe8 23. Rxe8+ Ka7 24. Rd2 Qf5 25. a3 Nxd5 26. Na5 Qxf4
27. Ree2 Ba8 28. Bxd5 Bxd5 29. Re7+ Kb6 30. Rxd5 Kxa5 31. Re1 Kb6 32. h5 Kc6 33.
Red1 Kc7 34. Kb1 Qe4+ 35. Ka2 Qc4+ 36. Ka1 Qf4 37. R1d4 Qh2 38. Ka2 Qxh5 39.
Rxd6 Qxg5 40. Rxa6 Qc5 41. Rd1 Qc4+ 42. Ka1 b4 43. Ra4 Qc2 44. Ra7+ Kb6 45. Rad7
bxa3 46. R1d6+ Kb5 47. Rb7+ Ka5 48. Ra7+ Kb5 49. Rxa3 Qc1+ 50. Ka2 Qc4+ 51. Rb3+
Kc5 52. Rd2 Qa4+ 53. Ra3 Qc4+ 54. Kb1 Qf1+ 55. Kc2 Qf5+ 56. Rad3 Kc4 57. b3+ Kb4
58. Kc1 h5 59. Kb2 Qe5+ 60. Kb1 Qe1+ 61. Kc2 Qe5 62. Rd4+ Kc5 63. b4+ Kb6 64.
Rd6+ Kc7 65. R6d4 Qf5+ 66. Kb3 g5 67. Rc2+ Kb6 68. Rc5 Qf3+ 69. Rc3 Qf5 70. Rd6+
Kb7 71. Re3 Kc7 72. Rdd3 h4 73. Rc3+ Kd7 74. Rcd3+ Kc7 75. Re7+ Kc6 76. Rc3+ Kd6
77. Ree3 Qd5+ 78. Ka3 Qa8+ 79. Kb2 Qg2+ 80. Rc2 Qb7 81. Rb3 g4 82. b5 h3 83. b6
f5 84. Rd2+ Ke6 85. Re2+ Kf6 86. Rc2 g3 87. Rc7 Qg2+ 88. Rc2 Qb7 89. Rc7 Qg2+
90. Rc2 Qb7 1/2-1/2

[Event "34th Leon Blitz Open 2021"]
[Site "chess.com INT"]
[Date "2021.07.07"]
[Round "3"]
[White "Bykov, Egor"]
[Black "Glek, Igor"]
[Result "1/2-1/2"]
[WhiteTitle "FM"]
[BlackTitle "GM"]
[WhiteElo "2420"]
[BlackElo "2476"]
[WhiteFideId "34115290"]
[BlackFideId "4100484"]
[EventDate "2021.07.07"]

1. d4 e6 2. c4 f5 3. Nf3 Nf6 4. g3 Be7 5. Bg2 O-O 6. O-O d6 7. Nc3 Ne4 8. Qc2
Nxc3 9. bxc3 Nc6 10. d5 Na5 11. Nd2 e5 12. e3 b6 13. f4 e4 14. Rf2 Nb7 15. Nb3
a5 16. Nd4 Bd7 17. Ba3 Qe8 18. g4 g6 19. Kh1 Kh8 20. g5 Nc5 21. Bxc5 dxc5 22.
Nb5 Bxb5 23. cxb5 Qxb5 24. c4 Qd7 25. h4 h5 26. Rb1 a4 27. a3 Kh7 28. Bh3 Rfd8
29. Rd2 Bf8 30. Bf1 Bg7 31. Be2 Ra5 32. d6 Raa8 33. Rdd1 Qc6 34. dxc7 Qxc7 35.
Rxd8 Qxd8 36. Rd1 Qc7 37. Rd5 Qc6 38. Qd1 Ra7 39. Bxh5 gxh5 40. Qxh5+ Kg8 41.
Rd8+ Bf8 42. Rxf8+ Kxf8 43. Qh8+ Ke7 44. Qg7+ Kd8 45. Qxa7 Qd6 46. Qa8+ Kc7 47.
Qa7+ Kc8 48. Qxa4 Qd2 49. Qc6+ Kb8 50. Qxb6+ Ka8 51. Qc6+ Kb8 52. Qb5+ Ka8 53.
Qa4+ Kb7 54. Qb3+ Kc7 55. Qb1 Qxe3 56. Qf1 Qd2 57. g6 e3 58. g7 e2 59. Qxe2 Qxe2
60. g8=Q Qe1+ 61. Kg2 Qe2+ 62. Kg1 Qe1+ 63. Kh2 Qxh4+ 64. Kg2 Qxf4 65. Qf7+ Kb6
66. Qe6+ Ka5 67. Qd5 Qg4+ 68. Kf2 Qf4+ 69. Ke2 Qh2+ 70. Kd1 Qf2 71. Qb7 Ka4 72.
Qb5+ Kxa3 73. Qa5+ Kb3 74. Qb5+ Kc3 75. Qa5+ Kxc4 76. Qa4+ Kd3 77. Qb3+ Ke4 78.
Qe6+ Kf4 79. Qd6+ Kf3 80. Qd5+ Kg3 81. Qg8+ Kh2 82. Qh7+ Kg2 83. Qg6+ Kf1 84.
Qa6+ Kg1 85. Qg6+ Kh2 86. Qh6+ Kg3 87. Qg5+ Kh3 88. Qh5+ Kg2 89. Qg6+ Qg3 90.
Qxf5 Qb3+ 91. Qc2+ Qxc2+ 92. Kxc2 c4 93. Kc3 Kf3 94. Kxc4 1/2-1/2

[Event "34th Leon Blitz Open 2021"]
[Site "chess.com INT"]
[Date "2021.07.07"]
[Round "3"]
[White "Mikhnenko, Alexander"]
[Black "Gabriel, Robert"]
[Result "1/2-1/2"]
[WhiteTitle "CM"]
[BlackTitle "FM"]
[WhiteElo "2065"]
[BlackElo "2236"]
[WhiteFideId "34143014"]
[BlackFideId "4606477"]
[EventDate "2021.07.07"]

1. e4 e6 2. d4 d5 3. e5 c5 4. c3 Qb6 5. Nf3 Bd7 6. a3 Bb5 7. Bxb5+ Qxb5 8. a4
Qd7 9. O-O Nc6 10. dxc5 Bxc5 11. b4 Bb6 12. b5 Na5 13. Ba3 Ne7 14. Nbd2 O-O 15.
Bb4 Rfc8 16. Nd4 Bxd4 17. cxd4 Nc4 18. Nxc4 Rxc4 19. Bc5 b6 20. Bxe7 Qxe7 21. a5
bxa5 22. Rxa5 Qb4 23. Qa1 h6 24. Rb1 Qc3 25. Qxc3 Rxc3 26. g3 Rac8 27. Rxa7 Rc1+
28. Rxc1 Rxc1+ 29. Kg2 Rb1 30. Rb7 Rb4 31. b6 Rxd4 32. Rb8+ Kh7 33. b7 Rb4 34.
f4 g6 35. h4 h5 36. Kf3 Kg7 37. Ke3 Rb3+ 38. Kd4 Rb5 39. Kc3 Rb1 40. Kd3 Rb4 41.
Kc3 Rb1 42. Kc2 Rb4 43. Kd2 Rb5 44. Ke2 Rb3 45. Kf2 Rb5 46. Ke3 Rb3+ 47. Ke2 Rb4
48. Kd3 Rb1 49. Ke3 Rb4 50. Kf3 Rb3+ 51. Kg2 Rb2+ 52. Kh3 Kh7 53. g4 Rb3+ 54.
Kg2 hxg4 55. Kf2 d4 56. Kg2 g3 57. Rd8 Rxb7 58. Rxd4 Rb3 59. Rd7 Kg7 60. Rd4 Kh6
61. Kh3 Rf3 62. Kg2 Rc3 63. Rd7 Kg7 64. Kh3 Rf3 65. Rd4 Kh6 66. Kg2 Ra3 67. Rd7
Kg7 68. Rc7 Rb3 69. Ra7 Re3 70. Kh3 Rf3 71. Ra4 Kh6 72. Kg2 Re3 73. Rb4 Kh5 74.
Ra4 Kg4 75. f5+ Kxf5 76. Ra7 Kg4 77. Rxf7 Re2+ 78. Kf1 Rxe5 79. Kg2 Kxh4 80. Rf6
g5 81. Rf3 Re2+ 82. Kg1 Rf2 83. Re3 Kh3 84. Rxe6 Ra2 85. Rh6+ Kg4 86. Rf6 Ra1+
87. Kg2 Re1 88. Rf8 Re2+ 89. Kg1 g2 90. Ra8 Kh3 91. Ra3+ Kh4 92. Rb3 g4 93. Rc3
g3 94. Rc8 Kg4 95. Rg8+ Kf3 96. Rf8+ Ke3 97. Re8+ Kd2 98. Rd8+ Ke1 99. Rg8 Rf2
100. Rxg3 Re2 101. Rxg2 Rxg2+ 102. Kxg2 1/2-1/2

[Event "34th Leon Blitz Open 2021"]
[Site "chess.com INT"]
[Date "2021.07.07"]
[Round "4"]
[White "Lopez Idarraga, Daniel Eduardo"]
[Black "Toropov, Pavel"]
[Result "1-0"]
[WhiteTitle "FM"]
[BlackTitle "FM"]
[WhiteElo "2009"]
[BlackElo "2336"]
[WhiteFideId "4405501"]
[BlackFideId "24129178"]
[EventDate "2021.07.07"]

1. d4 e6 2. Bf4 d5 3. e3 Nf6 4. Nd2 c5 5. c3 Nc6 6. Bd3 Bd6 7. Bxd6 Qxd6 8. f4
b6 9. Ngf3 Bb7 10. Ne5 O-O 11. O-O Rac8 12. Qf3 Nd7 13. Qh3 g6 14. Qh6 Qe7 15.
Rf3 f6 16. Nxg6 hxg6 17. Rg3 Rf7 18. Qxg6+ Rg7 19. Qh7+ Kf8 20. Qh8+ 1-0

[Event "34th Leon Blitz Open 2021"]
[Site "chess.com INT"]
[Date "2021.07.07"]
[Round "4"]
[White "Demchenko, Anton"]
[Black "Silva Lucena, Cristian"]
[Result "1-0"]
[WhiteTitle "GM"]
[BlackTitle "FM"]
[WhiteElo "2600"]
[BlackElo "2238"]
[WhiteFideId "4160258"]
[BlackFideId "2232588"]
[EventDate "2021.07.07"]

1. e4 c5 2. Nf3 e6 3. g3 Nc6 4. Bg2 Nf6 5. Qe2 d6 6. O-O Be7 7. c3 e5 8. Rd1 Bg4
9. h3 Bxf3 10. Bxf3 O-O 11. d3 Qb6 12. Na3 Rac8 13. Nc4 Qc7 14. a4 b6 15. h4 a6
16. Ne3 Rfd8 17. g4 Bf8 18. g5 Ne8 19. Nd5 Qb7 20. Bg4 Rb8 21. Be3 Ne7 22. c4
Nxd5 23. cxd5 b5 24. axb5 axb5 25. b4 c4 26. Ra7 1-0

[Event "34th Leon Blitz Open 2021"]
[Site "chess.com INT"]
[Date "2021.07.07"]
[Round "4"]
[White "Riehle, Marco"]
[Black "Holt, Conrad"]
[Result "0-1"]
[WhiteTitle "FM"]
[BlackTitle "GM"]
[WhiteElo "2347"]
[BlackElo "2549"]
[WhiteFideId "12904392"]
[BlackFideId "2034387"]
[EventDate "2021.07.07"]

1. e4 e6 2. c4 d5 3. cxd5 exd5 4. Qb3 Nf6 5. e5 Ne4 6. Nc3 Bc5 7. Nxe4 dxe4 8.
d3 Qd4 9. Be3 Qxe5 10. Bxc5 Qxc5 11. dxe4 Be6 12. Qb5+ Nd7 13. Qxc5 Nxc5 14. f3
O-O-O 15. b3 f5 16. Rc1 b6 17. Bc4 Bxc4 18. Rxc4 Rhe8 19. b4 Nd3+ 20. Ke2 b5 21.
Rc3 fxe4 22. fxe4 Rxe4+ 23. Kf3 Re1 24. h4 Rf8+ 25. Kg3 Nf2 26. Rh2 Ne4+ 0-1

[Event "34th Leon Blitz Open 2021"]
[Site "chess.com INT"]
[Date "2021.07.07"]
[Round "4"]
[White "Matinian, Nikita"]
[Black "Valle Maytin, Luis Enrique"]
[Result "1-0"]
[WhiteTitle "GM"]
[BlackTitle "FM"]
[WhiteElo "2436"]
[BlackElo "2284"]
[WhiteFideId "24129100"]
[BlackFideId "3503666"]
[EventDate "2021.07.07"]

1. e4 d5 2. exd5 Qxd5 3. Nc3 Qa5 4. d4 c6 5. Nf3 Nf6 6. Bc4 e6 7. Bd2 Qc7 8. Qe2
Bd6 9. O-O-O b5 10. Bd3 Bb7 11. Ne5 Nbd7 12. f4 a5 13. Rhe1 b4 14. Na4 Nd5 15.
f5 Bxe5 16. fxe6 fxe6 17. dxe5 O-O-O 18. Qg4 Nf8 19. Nc5 Qe7 20. Bg5 Qxc5 21.
Bxd8 Kxd8 22. Qxg7 Ng6 23. Bxg6 Rf8 24. Bxh7 Rf2 25. Qxb7 Rxg2 26. Qb8+ Ke7 27.
Qd6+ 1-0

[Event "34th Leon Blitz Open 2021"]
[Site "chess.com INT"]
[Date "2021.07.07"]
[Round "4"]
[White "Manukian, Artak"]
[Black "Navarro Segura, Roberto"]
[Result "1/2-1/2"]
[BlackTitle "IM"]
[WhiteElo "2196"]
[BlackElo "2123"]
[WhiteFideId "13301373"]
[BlackFideId "5100364"]
[EventDate "2021.07.07"]

1. e4 e5 2. Nf3 Nc6 3. d4 exd4 4. Nxd4 Nf6 5. Nxc6 bxc6 6. Bd3 d5 7. e5 Ng4 8.
Bf4 Bc5 9. O-O Qh4 10. Bg3 Qg5 11. Nd2 O-O 12. Nf3 Qh5 13. c3 Bf5 14. Be2 Nh6
15. Nd4 Bg4 16. Bxg4 Qxg4 17. Nxc6 Qe6 18. Nd4 Qb6 19. b4 Bxd4 20. Qxd4 Qxd4 21.
cxd4 Nf5 22. Rfd1 Rfb8 23. a3 a5 24. Rab1 axb4 25. axb4 Ra4 26. e6 fxe6 27. Bxc7
Rbxb4 28. Rxb4 Rxb4 29. Be5 Kf7 30. g4 Nh6 31. h3 Rb3 32. Kg2 Ng8 33. Ra1 Rb7
34. Ra3 Ne7 35. Rf3+ Kg8 36. Bg3 Nc6 37. Be5 Nxe5 38. dxe5 1/2-1/2

[Event "34th Leon Blitz Open 2021"]
[Site "chess.com INT"]
[Date "2021.07.07"]
[Round "4"]
[White "Kulkarni, Rakesh"]
[Black "Dong, Bao Nghia"]
[Result "0-1"]
[WhiteTitle "IM"]
[BlackTitle "CM"]
[WhiteElo "2321"]
[BlackElo "2227"]
[WhiteFideId "5037077"]
[BlackFideId "12400343"]
[EventDate "2021.07.07"]

1. e4 e6 2. d4 d5 3. Bd3 Nc6 4. c3 e5 5. Nf3 Nf6 6. exd5 Qxd5 7. dxe5 Nxe5 8.
Nxe5 Qxe5+ 9. Be3 Bg4 10. Qa4+ Bd7 11. Qb3 Bc5 12. O-O Bxe3 13. Re1 Ng4 14. Kf1
Qf4 15. Qc2 O-O-O 16. g3 Qf3 17. Be4 Bb5+ 0-1

[Event "34th Leon Blitz Open 2021"]
[Site "chess.com INT"]
[Date "2021.07.07"]
[Round "4"]
[White "Khabinets, Ivan"]
[Black "Necula, Iulian"]
[Result "1-0"]
[WhiteElo "1980"]
[BlackElo "1890"]
[WhiteFideId "14115980"]
[BlackFideId "1232380"]
[EventDate "2021.07.07"]

1. e4 g6 2. d4 c6 3. Nc3 d5 4. e5 Bg7 5. f4 h5 6. Be3 Nh6 7. Nf3 Bg4 8. Bd3 Nd7
9. h3 Bxf3 10. Qxf3 e6 11. Ne2 Qa5+ 12. c3 Qb6 13. O-O Nf5 14. Bf2 O-O 15. g4
hxg4 16. hxg4 Nh6 17. f5 exf5 18. gxf5 gxf5 19. Be3 c5 20. Bxh6 Qxh6 21. Rf2
cxd4 22. cxd4 Rfe8 23. Rh2 Qg6+ 24. Kh1 f6 25. Rg1 Qf7 26. Qxf5 Kf8 27. Rh7 Nxe5
28. Rgxg7 Qxg7 29. Rxg7 Kxg7 30. Qh7+ Kf8 31. dxe5 Rxe5 32. Bg6 Re7 33. Qh8# 1-0